Statistics for Super Street Fighter IV Characters

Click here to take the quiz!

General Stats

  • This quiz has been taken 908 times
  • The average score is 27 of 39

Answer Stats

Answer% Correct
Ryu
99%
Ken
98%
Chun-Li
93%
M. Bison
92%
Balrog
87%
Blanka
87%
Vega
87%
Akuma
85%
Guile
85%
Zangief
85%
Cammy
84%
Sagat
83%
E. Honda
82%
Dhalsim
78%
Sakura
69%
Dan
67%
Seth
66%
Abel
64%
C. Viper
64%
Juri
64%
Cody
63%
T. Hawk
63%
Dee Jay
62%
Fei Long
62%
Rose
62%
Evil Ryu
61%
Guy
61%
Rufus
60%
Gouken
59%
Ibuki
57%
Adon
56%
Gen
56%
Hakan
56%
Yang
56%
Oni
55%
Yun
55%
Dudley
54%
El Fuerte
53%
Makoto
53%

Score Distribution

Percentile by Number Answered

Percent of People with Each Score

Your Score History

You have not taken this quiz